01152nam a2200193Ia 4500001001100000003001000011008004100021040002500062041001300087100002100100245005600121250001100177260008800188300001200276500026000288501011400548520026000662650003600922L200-53668IT-CnALBA170116s9999||||xx |||||||||||||| ||und|| aIT-CnALBAcIT-CnALBA aITALIANO aCAPORELLO EGIDIO 0aLA RICONCILIAZIONE NELLA CHIESA E NELLA SOCIETÀ.  a1a ed. aROMAbAVE, ANONIMA VERITA'S EDITRICEc1985 [1° Ed.:1985 - Ed.Ling.Originale: 1985] a268 p.  aTEST8I E INDICE TEOLOGICO PASTORALE PER E OLTRE IL CONVEGNO A CURA DI VANZAN P.S. PREFAZIONE MARTINI C.M. ANTOLOGIA DI INDICAZIONI AUTOREVOLI. DOCUMNETI PER LA PREPARAZIONE. LA CHIESA ITALIANA E LE PROSPETTIVE DEL PAESE. INDICAZIONI PER UN CAMMINO DI CHIE aSocietà San Paolo EM - Piazza San Paolo, 14 - 12051 ALBA (CN) (non commercial uses only) ® Copyright 2017 aTEST8I E INDICE TEOLOGICO PASTORALE PER E OLTRE IL CONVEGNO A CURA DI VANZAN P.S. PREFAZIONE MARTINI C.M. ANTOLOGIA DI INDICAZIONI AUTOREVOLI. DOCUMNETI PER LA PREPARAZIONE. LA CHIESA ITALIANA E LE PROSPETTIVE DEL PAESE. INDICAZIONI PER UN CAMMINO DI CHIE aRELIGIONE - RELIGIONE CRISTIANA